| 000 | 01020nam a2200337 a 4500 | ||
|---|---|---|---|
| 001 | 20269 | ||
| 003 | VRT | ||
| 005 | 20260120125958.0 | ||
| 008 | 950619s1985 xo oa g f 000 0 slo c | ||
| 035 | _aUKB000138490 | ||
| 039 | 9 |
_a201305311145 _bgluc |
|
| 040 |
_aBAA001 _bslo _cBAA001 _eAACR2 |
||
| 041 | 0 | _aslo | |
| 044 |
_axo _cSK |
||
| 084 |
_aN 676 Z' 29 _2UKB |
||
| 100 | 1 |
_aTočka, Imrich, _d1941- |
|
| 245 | 1 | 0 |
_aChováme norky a lišky _cI. Točka, F. Kukla |
| 260 |
_aBratislava _bPriroda _c1985 |
||
| 300 | _a159 s., 16 s. obr. príl. | ||
| 490 | 1 |
_aChováme pre krásu, úžitok a potešenie _v10 |
|
| 490 | 1 | _aKnižnica drobnochovateľa | |
| 650 | 0 | 7 |
_alíšky _xchov _xpríručky |
| 650 | 0 | 7 |
_anorky _xchov _xpríručky |
| 700 | 1 |
_aKukla, František _4aut |
|
| 830 | 0 |
_aChováme pre krásu, úžitok a potešenie _v10 |
|
| 830 | 0 | _aKnižnica drobnochovateľa | |
| 910 | _aukb | ||
| 942 |
_2ddc _cOLDO _n0 |
||
| 949 |
_61800197092 _a27.D.21457 _bPV.3683-85 |
||
| 949 |
_6138490-20 _aS.D.83645 _bPV.3684-85 |
||
| 999 |
_c20269 _d20269 |
||